Quizzes
Events
Quiz Creation
Community
Videos
Private Events
Remove Ads
Sign In
Join for FREE
Feedback
Dark Mode
Quiz Categories
Sports
Geography
Music
Movies
Television
Just For Fun
Miscellaneous
History
Literature
Language
Science
Gaming
Entertainment
Religion
Holiday
For Kids
Quiz Lab
Recent
Popular Today
Quiz Kudos Today
Editor Picks
Curator Picks
Quizzes by...
Day
Popularity
Type
Ratings
Length
Year
Community
Subscriptions
Recent Discussions
Orange Saloon
Badges
Playlists
Quests
Create
Leaderboards
Showdown
Live 5
Trivia Bingo
Activity
Puzzle Library
Sporcle Events
Private Events
Virtual Trivia
Globe League
Become a Host
Pub Owners
SporcleCon
Opinionation
Our Games
Videos
Blog
Mobile Apps
Partnerships
Remove Ads and Go Orange
Feedback
History
US Presidents
World Leaders
Politics
Nation
Discovery
War
Decade
Year
Century
Biography
Art
History
US Presidents
World Leaders
Politics
Nation
Discovery
War
Decade
Year
Century
Biography
Art
Random Quiz
Search Sporcle
×
Quiz Lab
Quiz Lab
History
date
Type in answers that appear in a list
Type in answers that appear in a list
Classic
Best Score? Go Orange.
It Happened in 1803 Stats
Do you know what happened in 1803?
By
GOPGambler
4m
8 Questions
35 Plays
35 Plays
35 Plays
Comments
Comments
Give Quiz Kudos
Give Quiz Kudos
-
- Ratings
hide this ad
Replay
Link that replays current quiz
Next Quiz
Link to next quiz in quiz playlist
You Got
0%
They Got
Avg Score
55%
Avg Friend Score
Upgrade to see
Score Distribution
Jump to the score distribution portion of the page
Score
0/8
Timer
04:00
0
Plays Today
Hint
Answer
% Correct
This famed Irish brewer died in Dublin.
Arthur Guinness
100%
This land transaction between the United States and France is completed.
Louisiana Purchase
91.4%
Drink a beer to this American Founding Father and former Massachusetts Governor who died in Cambridge, MA
Samuel Adams
82.9%
This state, known as the Buckeye State, is admitted to the United States.
Ohio
82.9%
The US Supreme Court decision in this case established the principle of judicial review.
Marbury v. Madison
34.3%
This American lecturer and poet who led the Transcendentalist movement is born in Boston, MA
Ralph Waldo Emerson
22.9%
Inventor William Symington demonstrates the first practical version of this method of transportation.
Steamboat
22.9%
The highest ranking general to be killed on either side during the US Civil War is born in Washington, KY.
Albert Sidney Johnston
8.6%
Quiz Playlist
Details
Report
Send in Message
Add To Playlist
Classic:
Type in answers that appear in a list
Last Updated: Feb 16, 2017
Quiz Scoreboard
CHALLENGE
Sign Up to Join the Scoreboard
Show All
Scores
Hide
Comments
May contain spoilers
Recently Published
Presidents Visiting Landmarks
by Hejman
History
7m
An Introduction to Baseball
by treessimontrees
Sports
5m
Movies - When Are They Set?
by FPL_Elf
Movies
5m
More to Explore
Quiz From the Vault
Featured Blog Post
Where Did the Easter Bunny Come From?
hide this ad
You Might Also Like...
Tags
date
Today's Top Quizzes in History
Browse History
hide this ad
Today's Top Quizzes in date
Browse date
Top Contributed Quizzes in History
1
Popular People in 1991
2
Popular People in 1981
3
Popular People in 1951
4
Popular People in 1941
5
Popular People in 1986
6
Popular People in 1976
7
Popular People in 1921
8
I Am Born On March 28th
9
Popular People in 1946
10
5-to-1: 20th Century Images of War
Explore More
Trending Topics
Harry Potter
Kpop
Crossword
NBA
Anime
Marvel
Disney
Soccer
NFL
Country
Puzzle
The Office
Song
Pokémon
WWE
hide this ad
More By:
GOPGambler
Quiz
Plays
Rating
Category
Featured
Created
50 Most Visited Tourist Attractions in the World
339
2.10
Miscellaneous
Jan 13, 2016
Top 50 restaurants in the USA
309
5.00
Miscellaneous
Jul 20, 2016
States and their Military Bases
231
3.67
Geography
Jan 12, 2016
Top 100 US Retailers in 2015
194
3.33
Miscellaneous
Jan 11, 2016
It Happened in 1809
100
5.00
History
Jan 15, 2016
Go to Creator's Profile
Score Distribution
Quiz Creator Spotlight
GOPGambler
Follow
Send a Message
Quizzes Created
-
Created Quiz Play Count
-
More By This Creator
Popular Quizzes Today
1
Find the US States - No Outlines Minefield
2
Find the Countries of Europe - No Outlines Minefield
3
The Countries of the World
4
Find the US States
5
Popular People in 1961
6
US States
7
Risky Map Clicking: Biggest States A-Z
8
1-10 Letter E Words III
More History Quizzes
Undercover US Presidents
Published
Trending Quizzes
Risky Map Clicking: Least Populous States A-Z
1-10 Letter G Words
1-10 Letter F Words
Risky Map Clicking: Next State Alphabetically
Risky Map Clicking: Biggest States A-Z
Recently Updated
Leaping Animals
pecheneg
Reality TV Shows (A-Z)
bhenderson79
Rickey Henderson's Hall of Fame Teammates
pecheneg
Champions League XIs: Arsenal
pecheneg
Quick Pick: Celebrities in WWE's Hall of Fame
aduchscher
A-Z Keypad Blitz II
pecheneg
Multiple Oscar Actors
pecheneg
Mystery Phrase Blitz: Oscar 'Best Actors'
pecheneg
F. Scott Fitzgerald Novels
LTH
Pick 3 Villains
ddd62291
Trending Topics
Harry Potter
Disney
Marvel
Crossword
NBA
Anime
Kpop
The Office
WWE
Soccer
NFL
Pokémon
Puzzle
Song
Country
Your Account Isn't Verified!
In order to create a playlist on Sporcle, you need to verify the email address you used during registration. Go to your
Sporcle Settings
to finish the process.
Report this User
Report this user for behavior that violates our
Community Guidelines
.
Details:
Send Report
Go to the Sporcle.com Mobile Site →
Comments